A Greek-English lexicon of the New Testament, and other early Christian literature; (Record no. 1476)
[ view plain ]
| 000 -LEADER | |
|---|---|
| fixed length control field | 01311cam a2200337 4500 |
| 001 - CONTROL NUMBER | |
| control field | 901632 |
| 003 - CONTROL NUMBER IDENTIFIER | |
| control field | GBCCL |
| 005 - DATE AND TIME OF LATEST TRANSACTION | |
| control field | 20241126110402.0 |
| 008 - FIXED-LENGTH DATA ELEMENTS--GENERAL INFORMATION | |
| fixed length control field | 900119s1957 ilu d 00000 eng |
| 010 ## - | |
| -- | 56005028 |
| 035 ## - SYSTEM CONTROL NUMBER | |
| System control number | (OCoLC)ocn688001592 |
| 035 ## - SYSTEM CONTROL NUMBER | |
| System control number | (CStRLIN)CTYG90-B3318 |
| 035 ## - SYSTEM CONTROL NUMBER | |
| System control number | 901632 |
| 040 ## - CATALOGING SOURCE | |
| Transcribing agency | UPB |
| Modifying agency | UPB |
| -- | MnU |
| -- | CtY |
| 041 1# - | |
| -- | eng |
| -- | ger |
| 050 0# - | |
| -- | PA881 |
| -- | .B38 |
| 082 ## - DEWEY DECIMAL CLASSIFICATION NUMBER | |
| Classification number | 487.43028 |
| Item number | BAU |
| 090 ## - LOCALLY ASSIGNED LC-TYPE CALL NUMBER (OCLC); LOCAL CALL NUMBER (RLIN) | |
| Classification number (OCLC) (R) ; Classification number, CALL (RLIN) (NR) | PA881 |
| Local cutter number (OCLC) ; Book number/undivided call number, CALL (RLIN) | .B3813 |
| 100 1# - MAIN ENTRY--PERSONAL NAME | |
| Personal name | Bauer, Walter, |
| Dates associated with a name | 1877-1960. |
| 9 (RLIN) | 2954 |
| 245 12 - TITLE STATEMENT | |
| Title | A Greek-English lexicon of the New Testament, and other early Christian literature; |
| Statement of responsibility, etc. | a translation and adaptation of Griechisch-deutschhes W�orterbuch zu den Schriften des Neuen Testaments und der �ubrigen urchristlichen Literature, by William F. Arndt and F. Wilbur Gingrich. |
| 250 ## - EDITION STATEMENT | |
| Edition statement | 4th rev. and augm. ed., 1952. |
| 260 0# - PUBLICATION, DISTRIBUTION, ETC. | |
| Place of publication, distribution, etc. | Chicago, |
| Name of publisher, distributor, etc. | University of Chicago Press |
| Date of publication, distribution, etc. | [1957] |
| 300 ## - PHYSICAL DESCRIPTION | |
| Extent | xxxvi, 909 p. |
| Dimensions | 26 cm. |
| 541 ## - | |
| -- | Gift; |
| -- | Div copy 2 gift of Alan Mermann; |
| -- | 2001. |
| 650 #0 - SUBJECT ADDED ENTRY--TOPICAL TERM | |
| Topical term or geographic name entry element | Greek language, Biblical |
| Form subdivision | Dictionaries |
| General subdivision | English. |
| 9 (RLIN) | 2948 |
| 700 1# - ADDED ENTRY--PERSONAL NAME | |
| Personal name | Arndt, William, |
| Dates associated with a name | 1880-1957. |
| 9 (RLIN) | 2955 |
| 700 1# - ADDED ENTRY--PERSONAL NAME | |
| Personal name | Gingrich, F. Wilbur |
| Fuller form of name | (Felix Wilbur), |
| Dates associated with a name | 1901-1993. |
| 9 (RLIN) | 2956 |
| 942 ## - ADDED ENTRY ELEMENTS (KOHA) | |
| Source of classification or shelving scheme | Dewey Decimal Classification |
| Koha item type | Language |
| 948 ## - LOCAL PROCESSING INFORMATION (OCLC); SERIES PART DESIGNATOR (RLIN) | |
| Series part designator, SPT (RLIN) | SML, trans. fr. sml;ref; sml, rsc/hb 08/00 |
| 948 ## - LOCAL PROCESSING INFORMATION (OCLC); SERIES PART DESIGNATOR (RLIN) | |
| Series part designator, SPT (RLIN) | 700 sml,dbm 5/91 |
| Withdrawn status | Lost status | Source of classification or shelving scheme | Damaged status | Not for loan | Home library | Current Library | Shelving location | Date acquired | Total checkouts | Full call number | Barcode | Date last seen | Copy number | Price effective from | Koha item type |
|---|---|---|---|---|---|---|---|---|---|---|---|---|---|---|---|
| Dewey Decimal Classification | GRACE BIBLE COLLEGE | GRACE BIBLE COLLEGE | Language | 2017-05-02 | 487.43028 BAU | 004501 | 2025-05-01 | c.1 | 2017-05-02 | Language | |||||
| Dewey Decimal Classification | GRACE BIBLE COLLEGE | GRACE BIBLE COLLEGE | Language | 2018-05-25 | 487.43028 BAU | 004502 | 2025-05-01 | c.2 | 2018-05-25 | Language |